000 00628nam a2200253Ia 4500
003 OSt
005 20221005130013.0
006 a|||||r|||| 00| 0
007 ta
008 221004b |||||||| |||| 00| 0 eng d
024 _a54241
037 _cTextual
040 _aCRL
_cCRL
_beng
041 _2eng
_aeng
082 _aO111,3M56x, 32J0
100 _aWield Oscar
_9637446
245 0 _aPulakatsavam
260 _c1950
300 _a89p.
_ccm.
650 _a ENGLISH LITERATURE
650 _aENGLISH FICTION
942 _hO111,3M56x, 32J0
_cTEXL
_2cc
999 _c1055753
_d1055753